000 00392pab a2200157 454500
008 180718b2007 xxu||||| |||| 00| 0 eng d
100 _aKramer, Brent
245 _aParticipatory learning in introductory economics
260 _c2007
300 _ap.322-28.
362 _aSummer
650 _aEconomics
773 _aReview of Radical Political Economics
908 _aN
909 _a76154
999 _c76154
_d76154